000 00394nam a22001697a 4500
005 20160614171214.0
008 160614b xxu||||| |||| 00| 0 eng d
020 _a81-7929-052-2
041 _aeng
082 _b7593
100 _aEileen, Scholes
_91934
245 _aHand book of Communication
260 _bInfinity Book
_c2003
300 _a435
650 _aManagement
_9241
942 _cBK
999 _c2713
_d2712